| 000 | 00915cam a2200205 4500 | ||
|---|---|---|---|
| 001 | X121482 | ||
| 008 | 030303n2003 000 0 eng u | ||
| 035 | _a(Sirsi) u121482 | ||
| 100 | _aOsborne, H. | ||
| 245 | _aOn grounds of neglect | ||
| 260 | _c2003 | ||
| 490 |
_aEstates Gazette _v (0305) 1 February 2003, 134-135(2) |
||
| 520 | _aReviews the Football Foundation's new database "Register of English football facilities" (REFF), which aims to identify every football facility in the UK, intending to make it easier for developers to improve facilities by highlighting those which need repair. The site can be found at www.reff.org.uk. | ||
| 650 | _aFOOTBALL GROUNDS | ||
| 650 | _aREGISTER OF ENGLISH FOOTBALL FACILITIES | ||
| 650 | _aSPORTS FACILITIES | ||
| 690 | _aLEISURE AND RECREATION | ||
| 856 |
_uhttps://pitchfinder.org.uk/ _zView the database free of charge at pitchfinder.org.uk |
||
| 942 | _n0 | ||
| 999 |
_c72195 _d72195 |
||